Nalaganje...

Viruthan Shanku

Bibliografske podrobnosti
Glavni avtor: Achutha Menon, Karatt
Format: Printed Book
Jezik:Malayalam
Izdano: 1979.
Teme:
LEADER 00463nam a2200145Ia 4500
008 150624b xxu||||| |||| 00| f mal d
082 |a 853.3T5 
100 |a Achutha Menon, Karatt 
245 |c Karatt Achutha Menon  |a Viruthan Shanku 
260 |c 1979. 
546 |a In Malayalam. 
650 |v Novel 
942 |c BK 
999 |c 103606  |d 103606 
952 |0 1  |1 0  |4 0  |6 853_000000000000000_3T5_ARA_M  |7 0  |9 104939  |a UL  |b UL  |c ST1  |d 2014-06-03  |l 0  |o 853.3T5 ARA M  |p 47442  |r 2014-06-03  |w 2014-06-03  |y BK